| 000 | 00616nam a2200229Ia 4500 | ||
|---|---|---|---|
| 005 | 20231129100920.0 | ||
| 008 | 131103s9999 xx 000 0 und d | ||
| 020 |
_a552142395 _c5.99 pds |
||
| 040 | _aLoreto College | ||
| 041 | _aEnglish | ||
| 082 |
_a396 _b DUR |
||
| 100 | _aDurrani,Tehmina | ||
| 245 |
_aMy Feudal Lord _cBy Tehmina Durran |
||
| 250 | _aAssociate with William Marilyn Hoffer | ||
| 260 |
_aLondon _bCorgi Books _c1995 (1998 printing) |
||
| 300 | _a382 p. | ||
| 650 | _aWomen - Social Conditions | ||
| 651 | _aWomen Studies | ||
| 700 | _aHoffer,William | ||
| 850 | _aLCLIB | ||
| 942 | _cBK | ||
| 999 |
_c11406 _d61885 |
||